Netflix Series Quiz - Statistics

General Stats
  • This quiz has been taken 8,355 times
  • The average score is 10 of 12
Answer Stats
Question Answer % Correct
When a young boy vanishes, a small town uncovers a mystery involving secret experiments, terrifying supernatural forces and one strange little girl. Stranger Things
97%
Eight thieves take hostages and lock themselves in the Royal Mint of Spain as a criminal mastermind manipulates the police to carry out his plan. Money Heist
88%
The true story of Colombia's infamously violent and powerful drug cartels fuels this gritty gangster drama series. Narcos
85%
A notorious gang in 1919 Birmingham, England, is led by the fierce Tommy Shelby, a crime boss set on moving up in the world no matter the cost. Peaky Blinders
84%
A former Marine out to punish the criminals responsible for his family's murder finds himself ensnared in a military conspiracy. The Punisher
83%
Blinded as a young boy, Matt Murdock fights injustice by day as a lawyer and by night as the Super Hero Daredevil in Hell's Kitchen, New York City. Daredevil
80%
This sci-fi anthology series explores a twisted, high-tech near-future where humanity's greatest innovations and darkest instincts collide. Black Mirror
79%
The extraordinary Baudelaire orphans face trials, tribulations and the evil Count Olaf in their fateful quest to unlock long-held family secrets. A Series of Unfortunate Events
78%
In the late 1970s two FBI agents expand criminal science by delving into the psychology of murder and getting uneasily close to all-too-real monsters. Mindhunter
77%
As Alfred the Great defends his kingdom from Norse invaders, Uhtred -- born a Saxon but raised by Vikings -- seeks to claim his ancestral birthright. The Last Kingdom
77%
Secrets. Lies. Revenge. Everyone at Liberty High has something to hide ... and the truth is about to come out. 13 Reasons Why
76%
Nadia keeps dying and reliving her 36th birthday party. She's trapped in a surreal time loop -- and staring down the barrel of her own mortality. Russian Doll
74%
No matching quizzes found
Score Distribution
Percent of People with Each Score
Percentile by Number Answered
Your Score History
You have not taken this quiz